[Event "DSJ Weihnachtsturnier U20 2020"]
[Site "https://play.chessbase.com/en/play?room=DSJWeihnachtU20"]
[Date "2020.12.29"]
[Round "6"]
[White "Werner, Rosalie"]
[Black "Arnhold, Steffi"]
[Result "0-1"]
[Termination "normal"]
[Board "10.2"]
[WhiteElo "1751"]
[BlackElo "2031"]
[WhiteTeam "VSG 1880 Offenbach"]
[BlackTeam "SC Bavaria Regensburg von 1881"]
[PlyCount "166"]
[WhiteFideId "16223748"]
[BlackFideId "12931365"]
[EventRounds "7"]
[EventType "team-swiss"]
[EventDate "2020.12.29"]

1. e4 {[%emt 0:00:03]} c5 {[%emt 0:00:02]} 2. Nf3 {[%emt 0:00:02]} e6 {[%emt
0:00:03]} 3. d4 {[%emt 0:00:02]} cxd4 {[%emt 0:00:00]} 4. Nxd4 {[%emt 0:00:01]}
a6 {[%emt 0:00:01]} 5. a4 {[%emt 0:00:03]} Qc7 {[%emt 0:00:01]} 6. Be2 { [%emt
0:00:02]} Nf6 {[%emt 0:00:01]} 7. Nc3 {[%emt 0:00:07]} d6 {[%emt 0:00:03] } 8.
Be3 {[%emt 0:00:04]} Nbd7 {[%emt 0:00:01]} 9. O-O {[%emt 0:00:03]} b6 { [%emt
0:00:01]} 10. f4 {[%emt 0:00:11]} Bb7 {[%emt 0:00:02]} 11. Bd3 {[%emt 0:00:17]}
Be7 {[%emt 0:00:05]} 12. Qe1 {[%emt 0:00:10]} O-O {[%emt 0:00:06]} 13. Qg3
{[%emt 0:00:08]} Nc5 {[%emt 0:00:10]} 14. e5 {[%emt 0:00:57]} Nh5 {[%emt
0:00:06]} 15. Qh3 {[%emt 0:00:23]} g6 {[%emt 0:00:03]} 16. g4 {[%emt 0:00:12]}
Ng7 {[%emt 0:00:04]} 17. f5 {[%emt 0:00:31]} exf5 {[%emt 0:00:09]} 18. gxf5 {
[%emt 0:00:03]} dxe5 {[%emt 0:00:02]} 19. f6 {[%emt 0:00:28]} Bxf6 {[%emt
0:00:04]} 20. Rxf6 {[%emt 0:00:09]} exd4 {[%emt 0:00:01]} 21. Bxd4 {[%emt
0:00:01]} Rad8 {[%emt 0:00:02]} 22. Bf2 {[%emt 0:00:43]} Nh5 {[%emt 0:00:30]}
23. Bxc5 { [%emt 0:00:38]} Qxc5+ {[%emt 0:00:20]} 24. Rf2 {[%emt 0:00:01]} Qg5+
{[%emt 0:00:31]} 25. Kf1 {[%emt 0:00:14]} Nf4 {[%emt 0:00:10]} 26. Qg3 {[%emt
0:00:19]} Qxg3 {[%emt 0:00:03]} 27. hxg3 {[%emt 0:00:00]} Nxd3 {[%emt 0:00:01]}
28. cxd3 {[%emt 0:00:02]} Rxd3 {[%emt 0:00:00]} 29. g4 {[%emt 0:00:07]} Rg3
{[%emt 0:00:23]} 30. Rf6 {[%emt 0:00:09]} Rxg4 {[%emt 0:00:23]} 31. Rxb6 {[%emt
0:00:05]} Bc8 {[%emt 0:00:12]} 32. Nd5 {[%emt 0:00:18]} Kg7 {[%emt 0:00:07]}
33. Ne7 { [%emt 0:00:26]} Rf4+ {[%emt 0:00:13]} 34. Kg2 {[%emt 0:00:05]} Be6
{[%emt 0:00:14]} 35. Rxa6 {[%emt 0:00:17]} Rb4 {[%emt 0:00:02]} 36. Rd6 {[%emt
0:00:52]} Rxb2+ {[%emt 0:00:03]} 37. Kf3 {[%emt 0:00:10]} Ra8 {[%emt 0:00:16]}
38. a5 { [%emt 0:00:10]} Rb7 {[%emt 0:00:15]} 39. Nd5 {[%emt 0:00:30]} Rb5
{[%emt 0:00:11]} 40. Nc7 {[%emt 0:00:04]} Rbxa5 {[%emt 0:00:04]} 41. Nxe6+
{[%emt 0:00:14]} fxe6 {[%emt 0:00:04]} 42. Rxa5 {[%emt 0:00:05]} Rxa5 {[%emt
0:00:00]} 43. Rxe6 {[%emt 0:00:01]} Ra4 {[%emt 0:00:03]} 44. Rb6 {[%emt
0:00:06]} h5 {[%emt 0:00:03]} 45. Kg3 {[%emt 0:00:06]} Kh6 {[%emt 0:00:11]} 46.
Rb5 {[%emt 0:00:01]} Rc4 {[%emt 0:00:05]} 47. Ra5 {[%emt 0:00:12]} Rc6 {[%emt
0:00:16]} 48. Kh4 { [%emt 0:00:02]} g5+ {[%emt 0:00:05]} 49. Kh3 {[%emt
0:00:13]} Rc3+ {[%emt 0:00:04]} 50. Kg2 {[%emt 0:00:04]} h4 {[%emt 0:00:01]}
51. Kh2 {[%emt 0:00:11]} Kh5 {[%emt 0:00:02]} 52. Kg2 {[%emt 0:00:11]} Rg3+
{[%emt 0:00:18]} 53. Kh2 { [%emt 0:00:04]} Rf3 {[%emt 0:00:09]} 54. Kg2 {[%emt
0:00:03]} Rf4 {[%emt 0:00:13]} 55. Kh3 {[%emt 0:00:06]} Rb4 {[%emt 0:00:05]}
56. Kg2 {[%emt 0:00:04]} Kg4 {[%emt 0:00:05]} 57. Ra2 {[%emt 0:00:19]} Rf4
{[%emt 0:00:25]} 58. Kh2 { [%emt 0:00:03]} Rd4 {[%emt 0:00:10]} 59. Rg2+ {[%emt
0:00:07]} Kh5 {[%emt 0:00:02]} 60. Ra2 {[%emt 0:00:03]} Rd5 {[%emt 0:00:12]}
61. Rb2 {[%emt 0:00:11]} g4 {[%emt 0:00:02]} 62. Rb4 {[%emt 0:00:02]} Kg5
{[%emt 0:00:01]} 63. Kg2 { [%emt 0:00:02]} Rd2+ {[%emt 0:00:01]} 64. Kf1 {[%emt
0:00:03]} h3 {[%emt 0:00:02]} 65. Kg1 {[%emt 0:00:13]} Rd3 {[%emt 0:00:08]} 66.
Rb1 {[%emt 0:00:07]} Kh4 {[%emt 0:00:02]} 67. Kh2 {[%emt 0:00:01]} Rd2+ {[%emt
0:00:03]} 68. Kh1 { [%emt 0:00:02]} g3 {[%emt 0:00:04]} 69. Ra1 {[%emt
0:00:02]} Kg4 {[%emt 0:00:05]} 70. Ra4+ {[%emt 0:00:02]} Kf3 {[%emt 0:00:02]}
71. Ra3+ {[%emt 0:00:01]} Kf4 {[%emt 0:00:18]} 72. Ra4+ {[%emt 0:00:01]} Kf3
{[%emt 0:00:09]} 73. Ra3+ { [%emt 0:00:01]} Kf2 {[%emt 0:00:01]} 74. Ra1 {[%emt
0:00:01]} Ke2 {[%emt 0:00:06]} 75. Rb1 {[%emt 0:00:04]} Rd1+ {[%emt 0:00:01]}
76. Rxd1 {[%emt 0:00:02]} Kxd1 {[%emt 0:00:00]} 77. Kg1 {[%emt 0:00:01]} Ke2
{[%emt 0:00:00]} 78. Kh1 { [%emt 0:00:01]} g2+ {[%emt 0:00:03]} 79. Kg1 {[%emt
0:00:03]} Kf3 {[%emt 0:00:01]} 80. Kh2 {[%emt 0:00:01]} Kf2 {[%emt 0:00:00]}
81. Kxh3 {[%emt 0:00:01]} g1=Q {[%emt 0:00:00]} 82. Kh4 {[%emt 0:00:01]} Qg6
{[%emt 0:00:02]} 83. Kh3 { [%emt 0:00:01]} Qg3# {[%emt 0:00:00]} 0-1

[Event "DSJ Weihnachtsturnier U20 2020"]
[Site "https://play.chessbase.com/en/play?room=DSJWeihnachtU20"]
[Date "2020.12.29"]
[Round "6"]
[White "Steinhauer, Artur"]
[Black "Werner, Florin"]
[Result "1-0"]
[Termination "normal"]
[Board "10.3"]
[WhiteElo "1462"]
[BlackElo "1533"]
[WhiteTeam "SC Bavaria Regensburg von 1881"]
[BlackTeam "VSG 1880 Offenbach"]
[PlyCount "44"]
[WhiteFideId "16263596"]
[BlackFideId "16250230"]
[EventRounds "7"]
[EventType "team-swiss"]
[EventDate "2020.12.29"]

1. e4 {[%emt 0:00:14]} e6 {[%emt 0:00:03]} 2. d4 {[%emt 0:00:03]} d5 {[%emt
0:00:03]} 3. Nc3 {[%emt 0:00:02]} Nf6 {[%emt 0:00:04]} 4. Bg5 {[%emt 0:00:03]}
Be7 {[%emt 0:00:02]} 5. e5 {[%emt 0:00:07]} Nfd7 {[%emt 0:00:04]} 6. Bxe7 {
[%emt 0:00:02]} Qxe7 {[%emt 0:00:00]} 7. Nf3 {[%emt 0:00:03]} c5 {[%emt
0:00:01]} 8. Nb5 {[%emt 0:00:04]} Na6 {[%emt 0:00:17]} 9. Nd6+ {[%emt 0:00:08]}
Kf8 {[%emt 0:00:14]} 10. Bxa6 {[%emt 0:00:02]} bxa6 {[%emt 0:00:02]} 11. c3 {
[%emt 0:00:09]} cxd4 {[%emt 0:00:03]} 12. cxd4 {[%emt 0:00:03]} Nb6 {[%emt
0:00:01]} 13. O-O {[%emt 0:00:04]} Nc4 {[%emt 0:00:15]} 14. Nxc4 {[%emt
0:00:14]} dxc4 {[%emt 0:00:00]} 15. Qa4 {[%emt 0:01:17]} Qc7 {[%emt 0:00:14]}
16. Rac1 { [%emt 0:00:05]} Qb6 {[%emt 0:00:14]} 17. Qa3+ {[%emt 0:00:08]} Ke8
{[%emt 0:00:06]} 18. Rxc4 {[%emt 0:00:03]} Bd7 {[%emt 0:00:08]} 19. Rfc1 {[%emt
0:00:03]} Rd8 {[%emt 0:00:08]} 20. Ng5 {[%emt 0:00:54]} h6 {[%emt 0:00:06]} 21.
Ne4 { [%emt 0:00:02]} Bb5 {[%emt 0:00:16]} 22. Rc7 {[%emt 0:00:17]} Qd6 {[%emt
0:00:19]} 1-0

[Event "DSJ Weihnachtsturnier U20 2020"]
[Site "https://play.chessbase.com/en/play?room=DSJWeihnachtU20"]
[Date "2020.12.29"]
[Round "6"]
[White "Bergmann, Lennart"]
[Black "Aumüller, Naum"]
[Result "0-1"]
[Termination "normal"]
[Board "10.4"]
[WhiteElo "1505"]
[BlackElo "1622"]
[WhiteTeam "VSG 1880 Offenbach"]
[BlackTeam "SC Bavaria Regensburg von 1881"]
[PlyCount "48"]
[WhiteFideId "16270657"]
[BlackFideId "16263960"]
[EventRounds "7"]
[EventType "team-swiss"]
[EventDate "2020.12.29"]

1. e4 {[%emt 0:00:06]} e5 {[%emt 0:00:05]} 2. Nf3 {[%emt 0:00:02]} Nc6 { [%emt
0:00:04]} 3. Bc4 {[%emt 0:00:02]} Bc5 {[%emt 0:00:06]} 4. c3 {[%emt 0:00:02]}
Nf6 {[%emt 0:00:04]} 5. d4 {[%emt 0:00:02]} exd4 {[%emt 0:00:04]} 6. e5 { [%emt
0:00:01]} Ng8 {[%emt 0:00:02]} 7. cxd4 {[%emt 0:00:05]} Bb4+ {[%emt 0:00:13]}
8. Bd2 {[%emt 0:00:02]} Bxd2+ {[%emt 0:00:06]} 9. Nbxd2 {[%emt 0:00:02]} d5
{[%emt 0:00:03]} 10. Bb5 {[%emt 0:00:12]} Bg4 {[%emt 0:00:08]} 11. Bxc6+ {
[%emt 0:00:02]} bxc6 {[%emt 0:00:12]} 12. Qc2 {[%emt 0:00:11]} Ne7 {[%emt
0:00:16]} 13. O-O {[%emt 0:00:04]} Qd7 {[%emt 0:00:35]} 14. b4 {[%emt 0:00:07]}
O-O {[%emt 0:00:10]} 15. a3 {[%emt 0:00:09]} Rfb8 {[%emt 0:00:29]} 16. Nb3 {
[%emt 0:00:11]} Bxf3 {[%emt 0:00:04]} 17. gxf3 {[%emt 0:00:00]} Qh3 {[%emt
0:00:06]} 18. f4 {[%emt 0:00:52]} Ng6 {[%emt 0:00:06]} 19. f5 {[%emt 0:00:57]}
Nh4 {[%emt 0:00:11]} 20. f4 {[%emt 0:00:21]} Nxf5 {[%emt 0:00:13]} 21. Qb2 {
[%emt 0:00:22]} Rb6 {[%emt 0:00:36]} 22. Na5 {[%emt 0:00:05]} c5 {[%emt
0:00:07]} 23. dxc5 {[%emt 0:00:13]} Rg6+ {[%emt 0:00:11]} 24. Kh1 {[%emt
0:00:05]} Ng3+ {[%emt 0:00:10]} 0-1

[Event "DSJ Weihnachtsturnier U20 2020"]
[Site "https://play.chessbase.com/en/play?room=DSJWeihnachtU20"]
[Date "2020.12.29"]
[Round "6"]
[White "Schlangenotto, Niklas"]
[Black "Bosselmann, Tom Linus"]
[Result "0-1"]
[Termination "normal"]
[Board "11.1"]
[WhiteElo "2008"]
[BlackElo "2060"]
[WhiteTeam "SK Blauer Springer Paderborn 1926"]
[BlackTeam "Lübecker SV von 1873 2"]
[PlyCount "127"]
[WhiteFideId "16217560"]
[BlackFideId "12983845"]
[EventRounds "7"]
[EventType "team-swiss"]
[EventDate "2020.12.29"]

1. e4 {[%emt 0:00:14]} c5 {[%emt 0:00:03]} 2. d4 { [%emt 0:00:01]} cxd4 {[%emt
0:00:00]} 3. c3 {[%emt 0:00:01]} dxc3 {[%emt 0:00:02]} 4. Nxc3 {[%emt 0:00:00]}
e6 {[%emt 0:00:01]} 5. Nf3 {[%emt 0:00:00]} a6 { [%emt 0:00:01]} 6. Bc4 {[%emt
0:00:01]} b5 {[%emt 0:00:01]} 7. Bb3 {[%emt 0:00:01]} Bb7 {[%emt 0:00:00]} 8.
O-O {[%emt 0:00:01]} d6 {[%emt 0:00:01]} 9. Qe2 { [%emt 0:00:04]} Nd7 {[%emt
0:00:01]} 10. Bf4 {[%emt 0:00:01]} Ngf6 {[%emt 0:00:01]} 11. Rfd1 {[%emt
0:00:04]} Qb8 {[%emt 0:00:01]} 12. Ng5 {[%emt 0:00:18]} Be7 {[%emt 0:00:11]}
13. Bxe6 {[%emt 0:01:12]} fxe6 {[%emt 0:00:06]} 14. Nxe6 { [%emt 0:00:00]} Kf7
{[%emt 0:00:16]} 15. Ng5+ {[%emt 0:00:03]} Ke8 {[%emt 0:00:02]} 16. Ne6 {[%emt
0:00:05]} Kf7 {[%emt 0:00:02]} 17. Ng5+ {[%emt 0:00:33]} Kg8 {[%emt 0:00:07]}
18. Rac1 {[%emt 0:02:11]} h6 {[%emt 0:00:03] Paderb1-001 reconnected.} 19. Ne6
{[%emt 0:00:10]} Kf7 {[%emt 0:00:08]} 20. e5 {[%emt 0:01:20]} Nxe5 {[%emt
0:00:09]} 21. Nd4 {[%emt 0:01:03]} Re8 {[%emt 0:00:12]} 22. Nf5 {[%emt
0:00:08]} Kg8 {[%emt 0:00:03]} 23. Qe3 {[%emt 0:00:52] Paderb1-001
reconnected.} Nfg4 {[%emt 0:00:30]} 24. Qg3 {[%emt 0:00:12]} Bc8 {[%emt
0:01:07]} 25. Nxe7+ {[%emt 0:00:43]} Rxe7 {[%emt 0:00:05]} 26. Nd5 {[%emt
0:00:02]} Rf7 {[%emt 0:00:07]} 27. h3 {[%emt 0:00:03]} Nf6 {[%emt 0:00:18]} 28.
Nxf6+ { [%emt 0:00:21]} Rxf6 {[%emt 0:00:00]} 29. Bxe5 {[%emt 0:00:06]
Paderb1-001 reconnected.} dxe5 {[%emt 0:00:31]} 30. Rd8+ {[%emt 0:00:02]} Kh7
{[%emt 0:00:11]} 31. Rcxc8 {[%emt 0:00:20]} Qxc8 {[%emt 0:00:02]} 32. Rxc8
{[%emt 0:00:00]} Rxc8 {[%emt 0:00:01]} 33. Qxe5 {[%emt 0:00:01] Paderb1-001
offers a draw} Rc1+ {[%emt 0:01:07]} 34. Kh2 {[%emt 0:00:02]} Rxf2 {[%emt
0:00:03]} 35. Qe4+ { [%emt 0:00:02]} Kg8 {[%emt 0:00:05]} 36. Qe8+ {[%emt
0:00:06]} Rf8 {[%emt 0:00:03]} 37. Qe6+ {[%emt 0:00:01]} Kh8 {[%emt 0:00:01]}
38. Qxa6 {[%emt 0:00:01]} b4 {[%emt 0:00:37]} 39. a3 {[%emt 0:00:05]} bxa3
{[%emt 0:00:24]} 40. bxa3 { [%emt 0:00:00]} Ra1 {[%emt 0:00:10]} 41. a4 {[%emt
0:00:02]} Re1 {[%emt 0:00:23]} 42. a5 {[%emt 0:00:02]} Ree8 {[%emt 0:00:01]}
43. Qb7 {[%emt 0:00:01]} Ra8 {[%emt 0:00:22]} 44. a6 {[%emt 0:00:01]} Kg8
{[%emt 0:00:04]} 45. g4 {[%emt 0:00:01]} Kh8 {[%emt 0:00:08]} 46. Kg3 {[%emt
0:00:01]} Rfb8 {[%emt 0:00:01]} 47. Qc6 {[%emt 0:00:02]} Rc8 {[%emt 0:00:04]}
48. Qg6 {[%emt 0:00:02]} Rc3+ { [%emt 0:00:08]} 49. Kf4 {[%emt 0:00:02]} Ra3
{[%emt 0:00:02]} 50. g5 {[%emt 0:00:08] Paderb1-001 offers a draw} R3xa6 {[%emt
0:00:03]} 51. Qd3 {[%emt 0:00:06]} Ra4+ {[%emt 0:00:03]} 52. Kf5 {[%emt
0:00:06]} R4a5+ {[%emt 0:00:02]} 53. Ke6 {[%emt 0:00:01]} Rxg5 {[%emt 0:00:02]}
54. Kf7 {[%emt 0:00:01]} Rga5 { [%emt 0:00:06]} 55. Qe4 {[%emt 0:00:07]} R5a7+
{[%emt 0:00:02]} 56. Kg6 { [%emt 0:00:06]} Ra6+ {[%emt 0:00:01] Paderb1-001
reconnected.} 57. Kh5 { [%emt 0:00:07] Paderb1-001 offers a draw} Ra5+ {[%emt
0:00:02]} 58. Kg6 { [%emt 0:00:01]} R8a6+ {[%emt 0:00:04]} 59. Kf7 {[%emt
0:00:01]} Ra7+ {[%emt 0:00:01]} 60. Kg6 {[%emt 0:00:02]} R5a6+ {[%emt 0:00:01]}
61. Kh5 {[%emt 0:00:01] } Kg8 {[%emt 0:00:08]} 62. Qd5+ {[%emt 0:00:02]} Kh7
{[%emt 0:00:03]} 63. Qe4+ {[%emt 0:00:00]} g6+ {[%emt 0:00:01]} 64. Qxg6+
{[%emt 0:00:34]} 0-1

[Event "DSJ Weihnachtsturnier U20 2020"]
[Site "https://play.chessbase.com/en/play?room=DSJWeihnachtU20"]
[Date "2020.12.29"]
[Round "6"]
[White "Bornholdt, Joa Max"]
[Black "Brockhoff, Moritz"]
[Result "0-1"]
[Termination "normal"]
[Board "11.2"]
[WhiteElo "1998"]
[BlackElo "1985"]
[WhiteTeam "Lübecker SV von 1873 2"]
[BlackTeam "SK Blauer Springer Paderborn 1926"]
[PlyCount "62"]
[WhiteFideId "16253477"]
[BlackFideId "16214927"]
[EventRounds "7"]
[EventType "team-swiss"]
[EventDate "2020.12.29"]

1. e4 {[%emt 0:00:18]} e5 {[%emt 0:00:10]} 2. Nf3 { [%emt 0:00:04]} Nf6 {[%emt
0:00:02]} 3. Bc4 {[%emt 0:00:06]} Nxe4 {[%emt 0:00:02]} 4. Nc3 {[%emt 0:00:02]}
Nf6 {[%emt 0:00:27]} 5. Nxe5 {[%emt 0:01:21]} d5 { [%emt 0:00:04]} 6. Be2
{[%emt 0:00:13]} Bd6 {[%emt 0:00:29]} 7. d4 {[%emt 0:00:03]} O-O {[%emt
0:00:06]} 8. O-O {[%emt 0:00:03]} c5 {[%emt 0:00:11]} 9. Nb5 { [%emt 0:00:31]}
Re8 {[%emt 0:00:06]} 10. Nxd6 {[%emt 0:00:02]} Qxd6 {[%emt 0:00:02]} 11. c3
{[%emt 0:00:01]} Nc6 {[%emt 0:00:08]} 12. Bf4 {[%emt 0:00:04]} Bf5 {[%emt
0:00:47]} 13. Nd3 {[%emt 0:00:19]} Qe7 {[%emt 0:00:04]} 14. Re1 { [%emt
0:00:07]} cxd4 {[%emt 0:00:17]} 15. Bf3 {[%emt 0:00:33]} Qd7 {[%emt 0:00:09]}
16. Rxe8+ {[%emt 0:00:08]} Rxe8 {[%emt 0:00:04]} 17. Nc5 {[%emt 0:00:01]} Qe7
{[%emt 0:00:05]} 18. cxd4 {[%emt 0:00:12]} Nxd4 {[%emt 0:00:01]} 19. Be3 {
[%emt 0:01:08]} Nxf3+ {[%emt 0:00:16]} 20. gxf3 {[%emt 0:00:43]} h6 {[%emt
0:00:02]} 21. Kh1 {[%emt 0:00:18]} b6 {[%emt 0:00:10]} 22. Nb3 {[%emt 0:00:18]}
Bc8 {[%emt 0:01:47]} 23. Qd2 {[%emt 0:00:15]} Nd7 {[%emt 0:00:08]} 24. Rg1 {
[%emt 0:00:05]} Kh7 {[%emt 0:01:20]} 25. Nd4 {[%emt 0:00:32]} Ne5 {[%emt
0:00:08]} 26. Qc2+ {[%emt 0:00:30]} Kh8 {[%emt 0:00:03]} 27. Bf4 {[%emt
0:00:32]} Qf6 {[%emt 0:00:26]} 28. Re1 {[%emt 0:00:02]} Qxf4 {[%emt 0:00:05]}
29. Qc3 { [%emt 0:00:40]} Bd7 {[%emt 0:00:15]} 30. Rg1 {[%emt 0:00:09]} Rc8
{[%emt 0:00:15]} 31. Qb4 {[%emt 0:00:17]} Nxf3 {[%emt 0:00:06] Luebeck2-002
gibt auf} 0-1

[Event "DSJ Weihnachtsturnier U20 2020"]
[Site "https://play.chessbase.com/en/play?room=DSJWeihnachtU20"]
[Date "2020.12.29"]
[Round "6"]
[White "Kesselmeier, Kevin"]
[Black "Sommer, Justus"]
[Result "0-1"]
[Termination "normal"]
[Board "11.3"]
[WhiteElo "1927"]
[BlackElo "1744"]
[WhiteTeam "SK Blauer Springer Paderborn 1926"]
[BlackTeam "Lübecker SV von 1873 2"]
[PlyCount "110"]
[WhiteFideId "16217551"]
[BlackFideId "16245008"]
[EventRounds "7"]
[EventType "team-swiss"]
[EventDate "2020.12.29"]

1. e4 {[%emt 0:00:15]} e5 {[%emt 0:00:02]} 2. Nf3 {[%emt 0:00:05]} Nc6 { [%emt
0:00:02]} 3. Bb5 {[%emt 0:00:02]} a6 {[%emt 0:00:03]} 4. Ba4 {[%emt 0:00:01]}
Nf6 {[%emt 0:00:02]} 5. O-O {[%emt 0:00:04]} Be7 {[%emt 0:00:02]} 6. Re1 {
[%emt 0:00:03]} b5 {[%emt 0:00:02]} 7. Bb3 {[%emt 0:00:02]} d6 {[%emt 0:00:01]}
8. h3 {[%emt 0:00:04]} O-O {[%emt 0:00:05]} 9. c3 {[%emt 0:00:01]} Re8 { [%emt
0:00:09]} 10. d4 {[%emt 0:00:20]} Nd7 {[%emt 0:00:09]} 11. Nbd2 {[%emt
0:00:37]} exd4 {[%emt 0:00:04]} 12. cxd4 {[%emt 0:00:20]} Bf6 {[%emt 0:00:02]}
13. Nf1 {[%emt 0:00:08]} g6 {[%emt 0:00:03]} 14. Bh6 {[%emt 0:00:43]} Bb7 {
[%emt 0:00:15]} 15. Ng3 {[%emt 0:00:10]} Na5 {[%emt 0:00:20]} 16. Bc2 {[%emt
0:00:25]} Nc4 {[%emt 0:00:16]} 17. b3 {[%emt 0:00:09]} Ncb6 {[%emt 0:00:08]}
18. Qd2 {[%emt 0:00:55]} c5 {[%emt 0:00:18]} 19. Bf4 {[%emt 0:01:19]} Nf8
{[%emt 0:00:35]} 20. Rad1 {[%emt 0:00:44]} Ne6 {[%emt 0:00:56]} 21. dxc5 {[%emt
0:01:11] } dxc5 {[%emt 0:00:20]} 22. Qa5 {[%emt 0:00:06]} Qc8 {[%emt 0:00:51]}
23. Qxb6 {[%emt 0:00:08]} Bc6 {[%emt 0:00:34]} 24. Rd6 {[%emt 0:00:14]} Bd7
{[%emt 0:00:26]} 25. Red1 {[%emt 0:00:21]} Bd8 {[%emt 0:00:22]} 26. Rxd7 {[%emt
0:01:55]} Bxb6 {[%emt 0:00:04]} 27. Bh6 {[%emt 0:00:11]} Rd8 {[%emt 0:00:14]}
28. Rxd8+ { [%emt 0:00:08]} Bxd8 {[%emt 0:00:02]} 29. e5 {[%emt 0:00:11]} Be7
{[%emt 0:00:13]} 30. Ne4 {[%emt 0:00:01]} Qc7 {[%emt 0:00:45]} 31. h4 {[%emt
0:00:01]} Rd8 {[%emt 0:00:04]} 32. Re1 {[%emt 0:00:02]} Bf8 {[%emt 0:00:07]}
33. Be3 { [%emt 0:00:03]} Bg7 {[%emt 0:00:06]} 34. h5 {[%emt 0:00:02]} Nd4
{[%emt 0:00:10]} 35. hxg6 {[%emt 0:00:00]} hxg6 {[%emt 0:00:02]} 36. Bxd4
{[%emt 0:00:03]} cxd4 {[%emt 0:00:03]} 37. Bd3 {[%emt 0:00:00]} Bxe5 {[%emt
0:00:17]} 38. Neg5 { [%emt 0:00:03]} Bg7 {[%emt 0:00:04]} 39. g3 {[%emt
0:00:04]} Qc3 {[%emt 0:00:04]} 40. Rd1 {[%emt 0:00:02]} Re8 {[%emt 0:00:11]}
41. Ne4 {[%emt 0:00:01]} Qc6 {[%emt 0:00:06]} 42. Nfd2 {[%emt 0:00:04]} Bh6
{[%emt 0:00:16]} 43. f3 { [%emt 0:00:02]} Bxd2 {[%emt 0:00:02]} 44. Rxd2 {[%emt
0:00:03]} Qc1+ {[%emt 0:00:05]} 45. Kf2 {[%emt 0:00:02]} Rxe4 {[%emt 0:00:08]}
46. Rc2 {[%emt 0:00:01]} Qe1+ {[%emt 0:00:01]} 47. Kg2 {[%emt 0:00:03]} Re3
{[%emt 0:00:03]} 48. Rc8+ { [%emt 0:00:04]} Kg7 {[%emt 0:00:01]} 49. Be4 {[%emt
0:00:01]} Re2+ {[%emt 0:00:04]} 50. Kh3 {[%emt 0:00:01]} Rxe4 {[%emt 0:00:03]}
51. fxe4 {[%emt 0:00:04]} Qxe4 {[%emt 0:00:01]} 52. Rb8 {[%emt 0:00:03]} d3
{[%emt 0:00:02]} 53. Rd8 { [%emt 0:00:04]} Qh1+ {[%emt 0:00:06]} 54. Kg4 {[%emt
0:00:02]} Qd1+ {[%emt 0:00:04]} 55. Kf4 {[%emt 0:00:01]} Qe2 {[%emt 0:00:07]}
0-1

[Event "DSJ Weihnachtsturnier U20 2020"]
[Site "https://play.chessbase.com/en/play?room=DSJWeihnachtU20"]
[Date "2020.12.29"]
[Round "6"]
[White "Kloerss, Knut"]
[Black "Stirnberg, Noah"]
[Result "1-0"]
[Termination "normal"]
[Board "11.4"]
[WhiteElo "1726"]
[BlackElo "1869"]
[WhiteTeam "Lübecker SV von 1873 2"]
[BlackTeam "SK Blauer Springer Paderborn 1926"]
[PlyCount "115"]
[WhiteFideId "16222130"]
[BlackFideId "16207742"]
[EventRounds "7"]
[EventType "team-swiss"]
[EventDate "2020.12.29"]

1. e4 {[%emt 0:00:03]} e5 {[%emt 0:00:19]} 2. Nf3 {[%emt 0:00:05]} Nc6 { [%emt
0:00:01]} 3. Bc4 {[%emt 0:00:01]} Nf6 {[%emt 0:00:06]} 4. d3 {[%emt 0:00:01]}
Be7 {[%emt 0:00:08]} 5. c3 {[%emt 0:00:01]} O-O {[%emt 0:00:04]} 6. O-O { [%emt
0:00:04]} d6 {[%emt 0:00:12]} 7. h3 {[%emt 0:00:03]} a6 {[%emt 0:00:20]} 8. Bb3
{[%emt 0:00:01]} b5 {[%emt 0:00:16]} 9. Re1 {[%emt 0:00:05]} Bb7 { [%emt
0:00:04]} 10. Nbd2 {[%emt 0:00:02]} Na5 {[%emt 0:00:23]} 11. Bc2 { [%emt
0:00:01]} c5 {[%emt 0:00:03]} 12. Nf1 {[%emt 0:00:01]} Re8 {[%emt 0:00:15]} 13.
Ng3 {[%emt 0:00:02]} Bf8 {[%emt 0:00:16]} 14. Nf5 {[%emt 0:00:07]} Bc8 {[%emt
0:00:31]} 15. N3h4 {[%emt 0:00:06]} g6 {[%emt 0:00:23]} 16. Nh6+ { [%emt
0:00:09]} Kg7 {[%emt 0:00:44]} 17. Qf3 {[%emt 0:00:12]} Be6 {[%emt 0:00:25]}
18. Bg5 {[%emt 0:00:06]} Be7 {[%emt 0:00:06]} 19. b4 {[%emt 0:00:56]} Nc6
{[%emt 0:00:08]} 20. Bd2 {[%emt 0:00:24]} cxb4 {[%emt 0:00:22]} 21. cxb4 {
[%emt 0:00:04]} Nd4 {[%emt 0:00:02]} 22. Qd1 {[%emt 0:00:08]} Rc8 {[%emt
0:00:04]} 23. Bb3 {[%emt 0:00:01]} Bxb3 {[%emt 0:00:22]} 24. axb3 {[%emt
0:00:00]} Nc2 {[%emt 0:00:02]} 25. Qf3 {[%emt 0:00:27]} Nxe1 {[%emt 0:00:06]}
26. Rxe1 { [%emt 0:00:17]} Rc2 {[%emt 0:00:30]} 27. N6f5+ {[%emt 0:00:22]} gxf5
{[%emt 0:01:57]} 28. Nxf5+ {[%emt 0:00:09]} Kh8 {[%emt 0:00:12]} 29. Bg5 {[%emt
0:01:07] } Ng8 {[%emt 0:00:46]} 30. Nxe7 {[%emt 0:00:36]} Rxe7 {[%emt 0:00:24]}
31. Bf6+ {[%emt 0:00:12]} Nxf6 {[%emt 0:00:13]} 32. Qxf6+ {[%emt 0:00:00]} Kg8
{[%emt 0:00:02]} 33. Re3 {[%emt 0:00:02]} Re8 {[%emt 0:00:28]} 34. Rg3+ {[%emt
0:00:27]} Kf8 {[%emt 0:00:02]} 35. Qh8+ {[%emt 0:00:08]} Ke7 {[%emt 0:00:03]}
36. Qxh7 { [%emt 0:00:01]} Rf8 {[%emt 0:00:08]} 37. Qf5 {[%emt 0:00:07]} Qd7
{[%emt 0:00:04]} 38. Qg5+ {[%emt 0:00:03]} Ke8 {[%emt 0:00:02]} 39. Qe3 {[%emt
0:00:16]} Rc6 {[%emt 0:00:09]} 40. h4 {[%emt 0:00:07]} Qc8 {[%emt 0:00:11]} 41.
h5 { [%emt 0:00:07]} Qe6 {[%emt 0:00:18]} 42. h6 {[%emt 0:00:31]} Qxb3 {[%emt
0:00:01]} 43. h7 {[%emt 0:00:31]} Rc7 {[%emt 0:00:02]} 44. Qb6 {[%emt 0:00:14]}
Qd1+ {[%emt 0:00:05]} 45. Kh2 {[%emt 0:00:02]} Rc1 {[%emt 0:00:02]} 46. Rh3 {
[%emt 0:00:13]} Qg1+ {[%emt 0:00:08]} 47. Kg3 {[%emt 0:00:02]} Rc3 {[%emt
0:00:01]} 48. Qb8+ {[%emt 0:00:06]} Ke7 {[%emt 0:00:01]} 49. Qxf8+ {[%emt
0:00:21]} Kxf8 {[%emt 0:00:01]} 50. h8=Q+ {[%emt 0:00:01]} Ke7 {[%emt 0:00:00]}
51. Qh4+ {[%emt 0:00:02]} Kd7 {[%emt 0:00:01]} 52. Qg4+ {[%emt 0:00:02]} Kc7
{[%emt 0:00:02]} 53. Qf3 {[%emt 0:00:07]} Qb1 {[%emt 0:00:02]} 54. Qxf7+ {[%emt
0:00:02] } Kb6 {[%emt 0:00:01]} 55. Rh7 {[%emt 0:00:29]} Rxd3+ {[%emt 0:00:02]}
56. f3 { [%emt 0:00:01]} Qe1+ {[%emt 0:00:02]} 57. Kg4 {[%emt 0:00:05]} Qc3
{[%emt 0:00:09]} 58. Qb7# {[%emt 0:00:04]} 1-0